00766nam a2200253 a 4500001000700000005001700007008004100024041000800065044000700073050002200080100002700102245005600129260003400185300001900219500002400238500000900262600004000271650002300311650002700334902000800361942001100369999001500380952011700395BRL_1220190320210541.0910529s1953 mx-#######---#000-0#spa-# aspa amx 4aBF1275b.C67 19531 aCosani, Armando92264810aEl vuelo de la serpiente emplumadacArmando Cosani. aMéxicobEdiciones Solc1953 a156 p.c24 cm. aIncluye vocabulario aAu4414aCosani, ArmandovBiografía92264914aEspiritismo92265014aVida espiritual921734 aGRL 2lcccB c8825d8825 00104070aBRLbBRLd2012-09-25iAu44l0oBF1275 .C67 1953 (Au44)pGRL00013r2019-03-22 00:00:00w2019-03-22yB